<?xml version="1.0" encoding="UTF-8"?>
<record
    xmlns:xsi="http://www.w3.org/2001/XMLSchema-instance"
    xsi:schemaLocation="http://www.loc.gov/MARC21/slim http://www.loc.gov/standards/marcxml/schema/MARC21slim.xsd"
    xmlns="http://www.loc.gov/MARC21/slim">

  <leader>01259nam a22001937a 4500</leader>
  <datafield tag="999" ind1=" " ind2=" ">
    <subfield code="c">4128</subfield>
    <subfield code="d">4128</subfield>
  </datafield>
  <controlfield tag="003">DO-SdBJH</controlfield>
  <controlfield tag="005">20180702181437.0</controlfield>
  <controlfield tag="008">180702b           ||||| |||| 00| 0 spa d</controlfield>
  <datafield tag="040" ind1=" " ind2=" ">
    <subfield code="a">DO-SdBJH</subfield>
    <subfield code="b">spa</subfield>
    <subfield code="c">DO-SdBJH</subfield>
  </datafield>
  <datafield tag="082" ind1=" " ind2=" ">
    <subfield code="a">M&#xC9;X 330 M271t 1977.</subfield>
  </datafield>
  <datafield tag="100" ind1="1" ind2=" ">
    <subfield code="a">Mandel, Enerst </subfield>
  </datafield>
  <datafield tag="245" ind1="1" ind2="0">
    <subfield code="a">Tratado de Econom&#xED;a marxista </subfield>
  </datafield>
  <datafield tag="250" ind1=" " ind2=" ">
    <subfield code="a">7ma edici&#xF3;n </subfield>
  </datafield>
  <datafield tag="260" ind1=" " ind2=" ">
    <subfield code="a">M&#xE9;xico;Impresora Madero,1977 </subfield>
  </datafield>
  <datafield tag="300" ind1=" " ind2=" ">
    <subfield code="a">423 p&#xE1;ginas </subfield>
  </datafield>
  <datafield tag="505" ind1=" " ind2=" ">
    <subfield code="a">Cap&#xED;tulo  xii 
El Capitalismo de los Monopolios, ...............p&#xE1;gina, 11--54
Cap&#xED;tulo xiii
El Imperialismo,................................................p&#xE1;gina, 58--98.
Cap&#xED;tulo xiv
La &#xC9;poca de decadencia del Capitalismo,...p&#xE1;gina, 101--159.
Cap&#xED;tulo  xv
La Econom&#xED;a Sovi&#xE9;tica,  ..............................p&#xE1;gina,161--206.
 xvi
La  Econom&#xED;a del Periodo de Transici&#xF3;n,......p&#xE1;gina,213--257.
Cap&#xED;tulo xvii
La Econom&#xED;a  Socialista .........................p&#xE1;gina, 259--288.
Cap&#xED;tulo  xviii
Or&#xED;genes,auge y extici&#xF3;n de la econom&#xED;a pol&#xED;tica,.....p&#xE1;ginas..292--330.
Postfacio,....................................p&#xE1;gina, 333.
Notas, p&#xE1;gina, 339.  
Bibliograf&#xED;a, p&#xE1;gina, 360.
&#xCD;NDICE ANAL&#xCD;TICO, TOMOS I y  II, 398.

</subfield>
  </datafield>
  <datafield tag="650" ind1=" " ind2=" ">
    <subfield code="a">M&#xE9;xico - Econom&#xED;a </subfield>
  </datafield>
  <datafield tag="942" ind1=" " ind2=" ">
    <subfield code="2">ddc</subfield>
    <subfield code="c">BK</subfield>
  </datafield>
  <datafield tag="952" ind1=" " ind2=" ">
    <subfield code="0">0</subfield>
    <subfield code="1">0</subfield>
    <subfield code="2">ddc</subfield>
    <subfield code="4">0</subfield>
    <subfield code="7">0</subfield>
    <subfield code="8">CG</subfield>
    <subfield code="a">BEGCEMA</subfield>
    <subfield code="b">BEGCEMA</subfield>
    <subfield code="c">GEN</subfield>
    <subfield code="d">2018-07-02</subfield>
    <subfield code="i">18-EFARD-000233</subfield>
    <subfield code="l">0</subfield>
    <subfield code="o">MEX. 330.9 M271t 1977</subfield>
    <subfield code="p">18-EFARD-000233</subfield>
    <subfield code="r">2018-07-02 00:00:00</subfield>
    <subfield code="t">ej.1</subfield>
    <subfield code="w">2018-07-02</subfield>
    <subfield code="y">BK</subfield>
  </datafield>
</record>
